书目信息 |
| 题名: |
中国农业土壤固碳潜力与气候变化
|
|
| 作者: | 林而达 编著 | |
| 分册: | ||
| 出版信息: | 北京 科学出版社 2005 |
|
| 页数: | 197页 | |
| 开本: | 24cm | |
| 丛书名: | 华夏英才基金学术文库 | |
| 单 册: | ||
| 中图分类: | P461 , S153.6 | |
| 科图分类: | ||
| 主题词: | 土壤成分--碳--影响--气候变化--中国 , 土壤成分 , 碳 , 气候变化 | |
| 电子资源: | ||
| ISBN: | 7-03-012504-5 | |
| 000 | 01121oam2 2200313 450 | |
| 001 | 002877783 | |
| 005 | 20070805105925.59 | |
| 010 | @a7-03-012504-5@dCNY48.00 | |
| 035 | @a002877783 | |
| 100 | @a20050530d2005 em y0chiy0110 ea | |
| 101 | 0 | @achi |
| 102 | @aCN@b110000 | |
| 105 | @ay z 000yy | |
| 106 | @ar | |
| 200 | 1 | @a中国农业土壤固碳潜力与气候变化@Azhong guo nong ye tu rang gu tan qian li yu qi hou bian hua@f林而达等编著@Flin er da deng bian zhu |
| 210 | @a北京@c科学出版社@d2005 | |
| 215 | @a197页@d24cm | |
| 225 | 2 | @a华夏英才基金学术文库@Ahua xia ying cai ji jin xue shu wen ku |
| 330 | @a本书从农业土壤固存碳和减少温室气体及其前体排放的角度,介绍了气候变化与全球碳平衡、农业温室气体排放与吸收的最新研究进展,并对我国农业土壤固存碳的容量、强度及未来潜力进行综合分析。 | |
| 461 | 0 | @1001012002060130@12001 @a华夏英才基金学术文库 |
| 606 | 0 | @a土壤成分@x碳@x影响@x气候变化@y中国 |
| 606 | 0 | @a土壤成分 |
| 606 | 0 | @a碳 |
| 606 | 0 | @a气候变化 |
| 690 | @aP461@v4 | |
| 690 | @aS153.6@v4 | |
| 701 | 0 | @a林而达@Alin er da@c(研究员)@4编著 |
| 801 | 0 | @aCN@bNLC@c20070805 |
| 905 | @dP461@e67@f4 | |
| 中国农业土壤固碳潜力与气候变化/林而达等编著.-北京:科学出版社,2005 |
| 197页;24cm.-(华夏英才基金学术文库) |
| ISBN 7-03-012504-5:CNY48.00 |
| 本书从农业土壤固存碳和减少温室气体及其前体排放的角度,介绍了气候变化与全球碳平衡、农业温室气体排放与吸收的最新研究进展,并对我国农业土壤固存碳的容量、强度及未来潜力进行综合分析。 |
| ● |
| 相关链接 |
|
|
|
|
正题名:中国农业土壤固碳潜力与气候变化
索取号:P461/67
 
预约/预借
| 序号 | 登录号 | 条形码 | 馆藏地/架位号 | 状态 | 备注 |
| 1 | 0851635 | 208516355 | 第二样本阅览室/ [索取号:P461/67] | 在馆 | |
| 2 | 0851636 | 208516364 | 第三借阅区/ [索取号:P461/67] | 在馆 | |
| 3 | 0851637 | 208516373 | 第三借阅区/ [索取号:P461/67] | 在馆 | |
| 4 | 0851638 | 208516382 | 第三借阅区/ [索取号:P461/67] | 在馆 |